| 000 | 00998cam a2200325 a 4500 | ||
|---|---|---|---|
| 003 | CO-BoRNBP | ||
| 005 | 20241010153641.0 | ||
| 007 | ta | ||
| 008 | 010515s2001 sp a r 00011 spa d | ||
| 020 | _a8420639362 | ||
| 040 |
_ala _cla |
||
| 041 | 1 |
_aspa _heng |
|
| 043 | _ae-uk-en | ||
| 084 | _aH HAG1 | ||
| 100 | 1 |
_aHaggard, Henry Rider, _d1856-1925. _942912 |
|
| 245 | 1 | 4 |
_aLas minas del Rey Salomón / _cHenry Rider Haggard ; traductora Flora Casas ; ilustraciones de Walter Paget. |
| 250 | _a1a. edición | ||
| 300 |
_a283 p. ; _c18 cm. |
||
| 336 |
_2rdacontent _atexto _btxt |
||
| 337 |
_2rdamedia _asin mediación _bn |
||
| 338 |
_2rdacarrier _avolumen _bnc |
||
| 534 | _tKing solomons mines. | ||
| 650 | 7 |
_aNovela inglesa. _2BLAAUTO |
|
| 650 | 7 |
_aCuentos de aventuras. _2BLAAUTO _930887 |
|
| 700 | 1 |
_aCasas, Flora, _etr. _939778 |
|
| 700 | 1 |
_aPaget, Walter, _eil. _942913 |
|
| 830 | 0 |
_aLista Básica-Bibliotécas Públicas 1. _942791 |
|
| 942 |
_2ddc _cBKLIT |
||
| 949 |
_an _bn |
||
| 999 |
_c38425 _d38425 |
||